Statystyki dla Wzory Najważniejszych Kwasów Chemicznych

Kliknij tutaj aby rozwiązać quiz!

Ogólne statystyki

  • Ten quiz został rozwiązany 219 razy
  • Średni wynik to 6 z 7

Statystyki odpowiedzi

Nazwa kwasuWzór Kwasu% Poprawnych
Kwas SiarkowodorowyH2S
95%
Kwas Siarkowy (VI)H2SO4
95%
Kwas Siarkowy (IV)H2SO3
94%
Kwas Solny/ChlorowodorowyHCl
92%
Kwas AzotowyHNO3
88%
Kwas FosforowyH3PO4
86%
Kwas WęglowyH2CO3
85%

Rozkład punktacji

Percentyl według liczby udzielonych odpowiedzi

Procent ludzi z każdym wynikiem

Twoja historia wyników

Nie rozwiązałeś tego quizu